|
|
|
|
| LEADER |
00000cam a2200000 7i4500 |
| 001 |
0000007546 |
| 002 |
000008107 |
| 005 |
20000330.0 |
| 020 |
|
|
|a 9830294927
|
| 090 |
0 |
0 |
|a 421
|b CHO
|
| 100 |
0 |
|
|a Choy Tak Hong
|
| 245 |
1 |
0 |
|a Bahasa Inggeris
|c Choy Tak Hong
|
| 260 |
|
|
|a Petaling Jaya :
|b Sasbadi Sdn. Bhd. ,
|c 1996
|
| 300 |
|
|
|a 234p. ;
|c 21cm.
|
| 650 |
0 |
0 |
|a English language
|x PMR
|
| 999 |
|
|
|a 052042
|b BUKU
|c PINJAMAN
|e PERPUSTAKAAN KOMUNITI PETALING JAYA
|
| 999 |
|
|
|a 052043
|b BUKU
|c PINJAMAN
|e PERPUSTAKAAN KOMUNITI PETALING JAYA
|
| 999 |
|
|
|a 052044
|b BUKU
|c PINJAMAN
|e PERPUSTAKAAN KOMUNITI PETALING JAYA
|
| 999 |
|
|
|a 054867
|b BUKU
|c PINJAMAN
|e PERPUSTAKAAN KOMUNITI CAW KOTA DAMANSARA
|
| 999 |
|
|
|a 054868
|b BUKU
|c PINJAMAN
|e PERPUSTAKAAN KOMUNITI PETALING JAYA
|